<?xml version="1.0" encoding="UTF-8"?>
<record
    xmlns:xsi="http://www.w3.org/2001/XMLSchema-instance"
    xsi:schemaLocation="http://www.loc.gov/MARC21/slim http://www.loc.gov/standards/marcxml/schema/MARC21slim.xsd"
    xmlns="http://www.loc.gov/MARC21/slim">

  <leader>00567nam a22001337a 4500</leader>
  <datafield tag="040" ind1=" " ind2=" ">
    <subfield code="c">RUA</subfield>
  </datafield>
  <datafield tag="082" ind1=" " ind2=" ">
    <subfield code="a">GRS LUR 2017 B641 Or.1</subfield>
  </datafield>
  <datafield tag="100" ind1=" " ind2=" ">
    <subfield code="a">LURN NENG &#x179B;&#x1793;&#x17CB; &#x178E;&#x17C1;&#x1784;</subfield>
  </datafield>
  <datafield tag="245" ind1=" " ind2=" ">
    <subfield code="a">processing of aloeverra juice by added honey &#x1780;&#x17B6;&#x179A;&#x1780;&#x17C2;&#x1785;&#x17D2;&#x1793;&#x17C3;&#x1797;&#x17C1;&#x179F;&#x1787;&#x17D2;&#x1785;&#x17C7;&#x1791;&#x17B9;&#x1780;&#x1794;&#x17D2;&#x179A;&#x1791;&#x17B6;&#x179B;&#x1780;&#x1793;&#x17D2;&#x1791;&#x17BB;&#x1799;&#x1780;&#x17D2;&#x179A;&#x1796;&#x17BE;&#x1794;&#x1793;&#x17D2;&#x1790;&#x17C2;&#x1798;&#x1791;&#x17B9;&#x1780;&#x1783;&#x17D2;&#x1798;&#x17BB;&#x17C6;  </subfield>
  </datafield>
  <datafield tag="260" ind1=" " ind2=" ">
    <subfield code="a">RUA</subfield>
    <subfield code="b">PHNOM PENH</subfield>
    <subfield code="c">2017</subfield>
  </datafield>
  <datafield tag="300" ind1=" " ind2=" ">
    <subfield code="a">vii;29p</subfield>
    <subfield code="b">ill;</subfield>
    <subfield code="c">29cm</subfield>
  </datafield>
  <datafield tag="856" ind1=" " ind2=" ">
    <subfield code="u">https://drive.google.com/file/d/1e410NCSSOnyVjj2Mh1T5BT0vzwrmYKCX/view?usp=sharing</subfield>
  </datafield>
  <datafield tag="942" ind1=" " ind2=" ">
    <subfield code="c">GRS</subfield>
  </datafield>
  <datafield tag="999" ind1=" " ind2=" ">
    <subfield code="c">18084</subfield>
    <subfield code="d">18084</subfield>
  </datafield>
  <datafield tag="952" ind1=" " ind2=" ">
    <subfield code="0">0</subfield>
    <subfield code="1">0</subfield>
    <subfield code="2">ddc</subfield>
    <subfield code="4">0</subfield>
    <subfield code="6">GRS_LUR_2017_000000000000000_B641_OR_1</subfield>
    <subfield code="7">0</subfield>
    <subfield code="9">80491</subfield>
    <subfield code="a">LBB</subfield>
    <subfield code="b">LBB</subfield>
    <subfield code="c">B641</subfield>
    <subfield code="d">2019-07-26</subfield>
    <subfield code="o">GRS LUR 2017 B641 Or.1</subfield>
    <subfield code="p">A32541</subfield>
    <subfield code="r">2019-07-26</subfield>
    <subfield code="w">2019-07-26</subfield>
    <subfield code="y">GRS</subfield>
  </datafield>
  <datafield tag="952" ind1=" " ind2=" ">
    <subfield code="0">0</subfield>
    <subfield code="1">0</subfield>
    <subfield code="2">ddc</subfield>
    <subfield code="4">0</subfield>
    <subfield code="6">GRS_LUR_2017_000000000000000_B641_OR_2</subfield>
    <subfield code="7">0</subfield>
    <subfield code="9">80492</subfield>
    <subfield code="a">LBB</subfield>
    <subfield code="b">LBB</subfield>
    <subfield code="c">B641</subfield>
    <subfield code="d">2019-07-26</subfield>
    <subfield code="l">11</subfield>
    <subfield code="o">GRS LUR 2017 B641 Or.2</subfield>
    <subfield code="p">A32641</subfield>
    <subfield code="q">2021-10-20</subfield>
    <subfield code="r">2021-09-13</subfield>
    <subfield code="s">2021-09-13</subfield>
    <subfield code="w">2019-07-26</subfield>
    <subfield code="y">GRS</subfield>
  </datafield>
  <datafield tag="952" ind1=" " ind2=" ">
    <subfield code="0">0</subfield>
    <subfield code="1">0</subfield>
    <subfield code="2">ddc</subfield>
    <subfield code="4">0</subfield>
    <subfield code="6">GRS_LUR_2017_000000000000000_B641_OR_3</subfield>
    <subfield code="7">0</subfield>
    <subfield code="9">80493</subfield>
    <subfield code="a">LBB</subfield>
    <subfield code="b">LBB</subfield>
    <subfield code="c">B641</subfield>
    <subfield code="d">2019-07-26</subfield>
    <subfield code="o">GRS LUR 2017 B641 Or.3</subfield>
    <subfield code="p">A29476</subfield>
    <subfield code="r">2019-07-26</subfield>
    <subfield code="w">2019-07-26</subfield>
    <subfield code="y">GRS</subfield>
  </datafield>
  <datafield tag="952" ind1=" " ind2=" ">
    <subfield code="0">0</subfield>
    <subfield code="1">0</subfield>
    <subfield code="2">ddc</subfield>
    <subfield code="4">0</subfield>
    <subfield code="6">GRS_LUR_2017_000000000000000_B641_OR_4</subfield>
    <subfield code="7">0</subfield>
    <subfield code="9">80494</subfield>
    <subfield code="a">LBB</subfield>
    <subfield code="b">LBB</subfield>
    <subfield code="c">B641</subfield>
    <subfield code="d">2019-07-26</subfield>
    <subfield code="l">1</subfield>
    <subfield code="m">1</subfield>
    <subfield code="o">GRS LUR 2017 B641 Or.4</subfield>
    <subfield code="p">A29401</subfield>
    <subfield code="r">2022-06-14</subfield>
    <subfield code="s">2022-05-17</subfield>
    <subfield code="w">2019-07-26</subfield>
    <subfield code="y">GRS</subfield>
  </datafield>
  <datafield tag="952" ind1=" " ind2=" ">
    <subfield code="0">0</subfield>
    <subfield code="1">0</subfield>
    <subfield code="2">ddc</subfield>
    <subfield code="4">0</subfield>
    <subfield code="6">GRS_LUR_2017_000000000000000_B641_OR_5</subfield>
    <subfield code="7">0</subfield>
    <subfield code="9">80495</subfield>
    <subfield code="a">LBB</subfield>
    <subfield code="b">LBB</subfield>
    <subfield code="c">B641</subfield>
    <subfield code="d">2019-07-26</subfield>
    <subfield code="o">GRS LUR 2017 B641 Or.5</subfield>
    <subfield code="p">A30734</subfield>
    <subfield code="r">2019-07-26</subfield>
    <subfield code="w">2019-07-26</subfield>
    <subfield code="y">GRS</subfield>
  </datafield>
  <datafield tag="952" ind1=" " ind2=" ">
    <subfield code="0">0</subfield>
    <subfield code="1">0</subfield>
    <subfield code="2">ddc</subfield>
    <subfield code="4">0</subfield>
    <subfield code="6">GRS_LUR_2017_000000000000000_B641_OR_5</subfield>
    <subfield code="7">0</subfield>
    <subfield code="9">80496</subfield>
    <subfield code="a">LBB</subfield>
    <subfield code="b">LBB</subfield>
    <subfield code="c">B641</subfield>
    <subfield code="d">2019-07-26</subfield>
    <subfield code="l">1</subfield>
    <subfield code="o">GRS LUR 2017 B641 Or.5</subfield>
    <subfield code="p">A29924</subfield>
    <subfield code="r">2020-07-21</subfield>
    <subfield code="s">2020-07-15</subfield>
    <subfield code="w">2019-07-26</subfield>
    <subfield code="y">GRS</subfield>
  </datafield>
  <datafield tag="952" ind1=" " ind2=" ">
    <subfield code="0">0</subfield>
    <subfield code="1">0</subfield>
    <subfield code="2">ddc</subfield>
    <subfield code="4">0</subfield>
    <subfield code="6">GRS_LUR_2017_000000000000000_B641_OR_7</subfield>
    <subfield code="7">0</subfield>
    <subfield code="9">80497</subfield>
    <subfield code="a">LBB</subfield>
    <subfield code="b">LBB</subfield>
    <subfield code="c">B641</subfield>
    <subfield code="d">2019-07-26</subfield>
    <subfield code="o">GRS LUR 2017 B641 Or.7</subfield>
    <subfield code="p">A29506</subfield>
    <subfield code="r">2019-07-26</subfield>
    <subfield code="w">2019-07-26</subfield>
    <subfield code="y">GRS</subfield>
  </datafield>
</record>
